[Event "Voronezh op-B 23rd"]
[Site "Voronezh"]
[Date "2019.06.18"]
[Round "7"]
[White "Savoskin, Vladimir"]
[Black "Meshkov, Timofey"]
[Result "1-0"]
[WhiteElo "1681"]
[BlackElo "1504"]
[PlyCount "39"]
[EventDate "2019.06.12"]
[EventType "swiss"]
[EventRounds "9"]
[EventCountry "RUS"]
[SourceTitle "EXT 2020"]
[Source "ChessBase"]
[SourceDate "2019.10.17"]
[SourceVersion "1"]
[SourceVersionDate "2019.10.17"]
[SourceQuality "1"]

1. e4 c5 2. Nf3 d6 3. d4 cxd4 4. Nxd4 Nf6 5. Nc3 a6 6. Be3 e5 7. Nb3 Be6 8. Be2 Be7 9. 0-0 0-0 10. Qe1 Nbd7 11. Rd1 Qc7 12. Kh1 Nc5 13. Nxc5 dxc5 14. f4 exf4 15. Bxf4 Qc8 16. Qg3 Kh8 17. Bf3 Bg4 18. e5 Bxf3 19. exf6 Bxd1 20. Qxg7# 1-0

[Event "Voronezh op-B 23rd"]
[Site "Voronezh"]
[Date "2019.06.14"]
[Round "3"]
[White "Meshkov, Timofey"]
[Black "Geranichev, Mikhail"]
[Result "1-0"]
[WhiteElo "1504"]
[BlackElo "2060"]
[PlyCount "57"]
[EventDate "2019.06.12"]
[EventType "swiss"]
[EventRounds "9"]
[EventCountry "RUS"]
[SourceTitle "EXT 2020"]
[Source "ChessBase"]
[SourceDate "2019.10.17"]
[SourceVersion "1"]
[SourceVersionDate "2019.10.17"]
[SourceQuality "1"]

1. e4 d5 2. exd5 Qxd5 3. Nc3 Qd6 4. d4 c6 5. Nf3 Bg4 6. Be2 e6 7. 0-0 Nf6 8. Ne5 Bxe2 9. Nxe2 Nbd7 10. Bf4 Qb4 11. Rb1 Be7 12. a3 Qa5 13. Nc4 Qa6 14. Nd6+ Kf8 15. Nc3 Nd5 16. Qh5 g6 17. Qh6+ Kg8 18. Nce4 Nxf4 19. Qxf4 Rf8 20. Ng5 Nf6 21. g4 Bxd6 22. Qxf6 Qe2 23. h3 h5 24. Rfe1 Qxc2 25. Rbc1 Qd3 26. Rcd1 Qc2 27. Rc1 Qd2 28. Nxe6 hxg4 29. Qg7# 1-0

[Event "Voronezh op-B 22nd"]
[Site "Voronezh"]
[Date "2018.06.18"]
[Round "7"]
[White "Meshkov, Timofey"]
[Black "Vorobiov, Nikolai"]
[Result "0-1"]
[WhiteElo "1403"]
[BlackElo "1873"]
[PlyCount "92"]
[EventDate "2018.06.12"]
[EventType "swiss"]
[EventRounds "9"]
[EventCountry "RUS"]
[SourceTitle "CBM 185 Extra"]
[Source "ChessBase"]
[SourceDate "2018.07.29"]
[SourceVersion "1"]
[SourceVersionDate "2018.07.29"]
[SourceQuality "1"]

1. d4 b6 2. c4 e6 3. Nf3 Bb7 4. Nc3 f5 5. Bf4 Nf6 6. e3 Bb4 7. Qc2 h6 8. Bd3 a5 9. 0-0 Bxc3 10. Qxc3 d6 11. h3 Bxf3 12. gxf3 Nh5 13. Bg3 Qf6 14. Qc2 Nd7 15. c5 bxc5 16. Bb5 Nxg3 17. fxg3 Rb8 18. Qa4 cxd4 19. exd4 Ke7 20. Rac1 Rxb5 21. Qxb5 Qxd4+ 22. Rf2 Rb8 23. Qe2 c5 24. Rd1 Qe5 25. Qd2 Rb6 26. f4 Qe4 27. Qxa5 g5 28. Qc3 Nf6 29. Qa5 Qb7 30. fxg5 hxg5 31. Qd2 Ne4 32. Qe3 Rxb2 33. Rxb2 Qxb2 34. Qe1 Qxa2 35. Ra1 Qb3 36. Kh2 Qb2+ 37. Kg1 Kf6 38. Rb1 Qd4+ 39. Kh1 Nxg3+ 40. Kg2 Ne4 41. Rd1 Qb2+ 42. Kg1 c4 43. Rb1 Qd4+ 44. Kh1 c3 45. Rc1 Qd2 46. Qf1 Ng3+ 0-1

[Event "Voronezh op-B 22nd"]
[Site "Voronezh"]
[Date "2018.06.16"]
[Round "5"]
[White "Meshkov, Timofey"]
[Black "Krekoten, Vladimir"]
[Result "1-0"]
[WhiteElo "1403"]
[BlackElo "1718"]
[PlyCount "47"]
[EventDate "2018.06.12"]
[EventType "swiss"]
[EventRounds "9"]
[EventCountry "RUS"]
[SourceTitle "CBM 185 Extra"]
[Source "ChessBase"]
[SourceDate "2018.07.29"]
[SourceVersion "1"]
[SourceVersionDate "2018.07.29"]
[SourceQuality "1"]

1. d4 Nf6 2. c4 e6 3. Nc3 Bb4 4. Bg5 h6 5. Bh4 g5 6. Bg3 Ne4 7. Qc2 d5 8. e3 c5 9. dxc5 Qa5 10. Nge2 Bd7 11. a3 Bxc5 12. cxd5 exd5 13. Rd1 Be7 14. Rxd5 Nc5 15. b4 Qxa3 16. bxc5 Be6 17. Rd4 Nc6 18. Rd2 0-0 19. Nd4 Nxd4 20. exd4 f5 21. Be5 Rad8 22. Be2 a5 23. 0-0 Bb3 24. Qb1 1-0